000 00838nam a22002177a 4500
005 20240530110626.0
008 170105s2010 ua bhk f b 000 0 ara d
017 _bمصر. دار الكتب
040 _aEG-CaGPL
_cEG-CaGPL
082 0 4 _221
_a932.021
_bق/ح ع
100 0 _aحسين الشيخ
245 1 2 _aالعصر الهللينستى /
_cحسين الشيخ
260 _aالاسكندرية :
_bدار المعرفة الجامعية ،
_c2010.
300 _a467 ص. :
_bايض ؛
_c24 سم.
490 0 _aدراسات فى تاريخ الحضارة القديمة ؛
_v3
504 _aيشتمل على ارجاعات ببليوجرافية
650 _2qrmak
651 0 7 _2qrmak
_aمصر القديمة
_xتاريخ
_yالعصر الهللينستى
942 _2ddc
_cBK
999 _c63166
_d63166